Регионална библиотека "Любен Каравелов" - Русе

Литературната творба и детето (Запис номер 114835)

MARC детайли
000 -Лидер
Контролно поле с фиксирана дължина 01129nam a2200289 c 4500
003 - Код на организацията, давaща контролен номер
Контролно поле BLK
005 - Дата и час на последна редакция
Контролно поле 20240403091846.0
008 - Елементи от данни с фиксирана дължина
fixed length control field 180409b bul|||||r ||||||| ||bul||
010 ## - Наследен системен номер
LC control number KNG00120272000
040 ## - Източник на каталожния запис
Идентификатор на билиотеката - собственик на записа BLK
041 ## - Код за език
Код за езика на текст/звукозапис или на отделно заглавие Български
Код за езика КДБФ Български
080 ## - УДК
Текстов определител УДК Занимания в предучилищна възраст
УДК код - определител по УДК 372.3
УДК определител (075.9)
УДК - код + определител 372.3(075.9)
100 ## - Редна дума - Автор
Автор Ковачева, Иванка Петкова
Автор - информация (биография) Педагог
R(LIN) 263644
139 ## - Редно поле
Редна дума Ковачева, Иванка Петкова
Авторски знак Ковач - К 72
245 10 - Сведения за заглавието
Заглавие Литературната творба и детето
Подзаглавни данни Специфика на работата с литер. произв. в детската градина
Редно поле (дума) Иванка Ковачева.
257 ## - Страна на издаване
Страна на създаване/издаване България
260 ## - Област на издателските данни
Име на издателя, разпространителя и проч. Инст. за повишаване квалификацията на учит. кадри
Година на издаване 1986
300 ## - Физическа характеристика
Страници 252 с.
Размери/Мащаб 21 см
380 ## - Жанр
Жанр Обществени науки
852 ## - Местоположение
Форматна сигнатура Цб 154815
856 4# - Електронен адрес и достъп
Електронен формат pdf - файл
856 4# - Електронен адрес и достъп
Електронен формат pdf - файл
942 ## - АРТИКУЛИ
Вид на библиотечния материал Книги
Скрит в OPAC Не
944 ## - СЪЗДАВАНЕ И РЕДАКЦИЯ на ЗАПИСА
Създаване/Редакция Създаване
Дата на регистрацията/редакция 30.01.2018
Служител, извършил регистрацията/редакцията 30560
Статус, дата на статуса Геновева Генчева
944 ## - СЪЗДАВАНЕ И РЕДАКЦИЯ на ЗАПИСА
Създаване/Редакция Редакция
Дата на регистрацията/редакция 30.01.2018
Служител, извършил регистрацията/редакцията Нора_Радева
999 ## - СИСТЕМНИ КОНТРОЛНИ НОМЕРА
Koha biblionumber 114835
Koha biblioitemnumber 114835
999 ## - СИСТЕМНИ КОНТРОЛНИ НОМЕРА
Koha biblioitemnumber 114835
Наличности
Код за отписване Код за изгубен артикул Източник на класификационната схема Код за повреда Коз за рестрикции Код за отдаване Артикулен № Име на библиотеката - собственик Име на библиотеката, в която се намира в момента Статус (Текущо местоположение) Дата на вписване в системата Местоположение - отдел Цена в лева Инвентарен номер Систематично азбучна сигнатура Баркод Номер на екземпляра Цена в евро Служебна бележка Служебен тип на артикула
  Не е изгубен Universal Decimal Classification Не е повреден без рестрикции ползва се в читалня 184217 Регионална библиотека "Любен Каравелов" Русе Регионална библиотека "Любен Каравелов" Русе Хранилище 1986-01-01 Хранилище 0.00 506035 Цб 154815 120000506035 1 0.00 Вид: Сф Дата: 01.01.1986 Книги
Vip Innovations Ltd, Rousse, Bulgaria 2025